[Event "Bundesliga 0910"]
[Site "Germany"]
[Date "2009.10.18"]
[Round "2.6"]
[White "Agopov, Mikael"]
[Black "Babula, Vlastimil"]
[Result "1/2-1/2"]
[WhiteElo "2452"]
[BlackElo "2569"]
[Annotator "Meyer,CD"]
[PlyCount "62"]
[EventDate "2009.10.16"]
[EventType "team-tourn"]
[EventRounds "15"]
[EventCountry "GER"]
[SourceTitle "CBM 132 Extra"]
[Source "ChessBase"]
[SourceDate "2009.11.03"]
[SourceVersion "1"]
[SourceVersionDate "2009.11.03"]
[SourceQuality "1"]
[WhiteTeam "Berlin SF"]
[BlackTeam "Werder Bremen"]
[WhiteTeamCountry "GER"]
[BlackTeamCountry "GER"]

{ÜBER DEM ABGRUND (Ausgelassene Chancen)} 1. e4 c5 2. Nf3 d6 3. d4 cxd4 4. Nxd4
Nf6 5. Nc3 a6 6. h3 g6 {Ein gebräuchlicher Übergang von der Najdorf-Variante
zu einem Drachen-Typ, da ...a6 in einigen Abspielen eher nützlicher ist als h3.
} 7. Be3 ({Während unser finnischer IM einen noch relativ unerforschten Aufbau
mit Qd2 und 0-0-0 anstrebt, findet der alte, von Fischer favorisierte Vorstoß} 
7. g4 {auch heute noch viele Nachahmer:} Bg7 8. g5 (8. Bg2 O-O 9. Be3 Nc6 10.
Qd2 Bd7 11. O-O-O b5 12. f4 Rc8 13. e5 b4 14. Nce2 Nxd4 15. Bxd4 dxe5 16. fxe5
Qa5 17. a3 Nd5 18. e6 fxe6 19. Bxg7 Kxg7 20. Bxd5 exd5 21. Qd4+ Kg8 22. axb4
Qa2 23. Nc3 Qa1+ 24. Kd2 Qxb2 25. Rhf1 Rxf1 26. Rxf1 e6 27. Rb1 Qa3 28. Rb3 Qa1
29. Rb1 Qa3 30. Rb3 Qa1 {1/2-1/2 Dominguez Perez,L (2717)-Carlsen,M (2770)/
Sofia 2009/CBM 131}) 8... Nh5 9. Be2 e5 10. Nb3 Nf4 11. Nd5 Nxd5 12. Qxd5 Nc6
13. Bg4 Bxg4 14. hxg4 Qc8 15. Qd1 {(Fischer-Reshevsky, USA ch 1962/63)} Qe6 (
15... d5 $5 16. exd5 Nb4 17. c3 Qc4 $13 {Fischer}) 16. Be3 O-O-O $11 {Tal, ECO/
B3}) 7... Bg7 8. Qd2 Nc6 ({Ein in Drachen-Manier zwar natürlicher Zug, aber es
mag stärker sein, 0-0 plus b5 vorzuschalten, den Damenspringer noch
zurückzuhalten und ihn später nach d7 zu entwickeln, z.B.} 8... O-O 9. O-O-O b5
10. f3 $5 (10. Bh6 Bxh6 (10... b4 11. Bxg7 Kxg7 12. Nd5 $14 {1-0 Timman,J 
(2623)-Naiditsch,A (2581)/Dortmund 2002/CBM 091 (47)}) 11. Qxh6 e5 $5 $132 {
1/2-1/2 Berelovich,A (2571)-Balcerak,J (2429)/Germany 2006/EXT 2007 (38)})
10... Bb7 11. h4 (11. g4 Nbd7 12. Bh6 $6 Bxh6 13. Qxh6 e5 {0-1 Pletnev,E (2301)
-Korobov,A (2565)/Pardubice 2004/CBM 101 ext (22)}) 11... Nbd7 12. h5 $5 {
(A. Kuzmin/CBM), und trotz des zeitaufwendigen h3-h4-h5 verdient die weiße
Spielführung Beachtung, z.B.} (12. g4 Rc8 13. a3 (13. h5 $6 b4 14. Nce2 Nxg4 $1
15. fxg4 Bxe4 16. Rh2 e5) 13... Ne5 14. Be2 d5 $13) 12... Nxh5 13. Nf5 Be5 14.
Rxh5 gxh5 15. Bh6 Bf6 $1 16. Bg7 e6 17. Bxf8 Qxf8 18. Nxd6 Bc6 $13) 9. O-O-O
O-O 10. g4 Bd7 11. Be2 $5 ({Meines Erachtens eine Verbesserung gegenüber} 11.
Kb1 b5 12. g5 Nh5 {, wonach der Rappe auf h5 ein treffliches Fluchtfeld findet:
} 13. Be2 Nxd4 14. Bxd4 Bxd4 15. Qxd4 Nf4 16. Bg4 Rc8 17. Qe3 b4 18. Nd5 Nxd5
19. exd5 Rc5 20. Rd4 a5 21. f3 Re8 22. h4 Qc8 23. h5 Bf5 24. hxg6 fxg6 25. Rh2
(25. Bxf5 Qxf5 26. Re4) 25... e5 26. dxe6 $4 Rxc2 27. Bxf5 Rxh2 {0-1/36,
Ganguly,S (2625)-Dao Thien Hai (2546)/Subic 2009}) 11... Rc8 $6 ({Ziemlich
sorglos, genauer erscheint} 11... Nxd4 $142 12. Bxd4 Bc6 {, z.B.} 13. f3 (13.
Qe3 b5 14. g5 Nd7) (13. g5 $2 Nxe4 $1 14. Nxe4 e5 (14... Bxe4 $4) 15. Bc3 Bxe4
16. f3 Bc6) 13... b5 {, obgleich Weiß etwas mehr vom Spiel hat. Nun jedoch
nach dem Textzug verfügt der sofort attackierte Nf6 nur über ein ungeeignetes
Rückzugsfeld auf e8, wonach Sand ins schwarze Getriebe gerät!}) 12. g5 Ne8 ({I
} 12... Nh5 $6 13. Bxh5 gxh5 14. f4) ({II} 12... Nxd4 $5 13. Bxd4 Ne8 {mag
noch tauglich sein, z.B.} 14. h4 Be6 15. h5 Qa5 16. Qe3 Bxd4 17. Rxd4 Rxc3 18.
Qxc3 Qxg5+ 19. Kb1 Nf6 20. hxg6 hxg6 21. Rdd1 Rc8 22. Qd4 Qc5 $14 {und Schwarz
versucht, sich mittels Qualitätsopfer zu halten.}) 13. h4 Qa5 $6 ({I} 13... Nc7
$6 14. Nb3 (14. h5 $1 $40) 14... b5 (14... Bxc3 $5 15. Qxc3 Ne6 16. Qd2 a5) 15.
Bb6 (15. h5) 15... Qe8 16. f4 Na8 $2 (16... a5 $5) 17. Be3 Nb4 18. Bd4 Bxd4 19.
Qxd4 Nc6 20. Qg1 Be6 21. h5 f5 22. hxg6 Qxg6 23. Rh6 {1-0 Ganguly,S (2637)
-Nguyen,K (2085)/Edmonton 2009}) ({II} 13... Nxd4 $5 14. Bxd4 {mit
Zugumstellung zu 12...Nxd4}) 14. Kb1 Nc7 $2 ({In Ermangelung einer
ansprechenden Alternative ein schwerer Fehler, der glücklicherweise nicht
geahndet wird. Allerdings stünde Schwarz auch nach beispielsweise} 14... Nxd4
15. Bxd4 Bxd4 16. Qxd4 {eine schwere Verteidigung bevor:} Nc7 (16... Be6 17. f4
$5 Qc5 (17... Rxc3 18. Qxc3 Qxa2+ 19. Kc1 $16 {und die schwarze Kompensation
für die geopferte Qualität erscheint unzureichend.}) 18. Qd2 Ng7 19. h5 $40 {
+/-}) (16... Ng7 17. Nd5 Rfe8 18. h5 $40 {+/-}) 17. Qe3 (17. e5 $2 Ne6 18. Qe3
Bc6) 17... b5 18. h5 b4 19. Nd5 Nxd5 20. Rxd5 Qc7 21. Rd2 Be6 22. Qf4 Kg7 (
22... Qa5 23. b3 Qe5 {/\Qg7} 24. Qxe5 dxe5 25. Bxa6 $16) 23. Qh4 Rh8 24. h6+
Kf8 25. Rhd1 $16 {/\f4, e5}) 15. Nb3 $2 ({Auch Weiß unterschätzt das "Motiv
der ungedeckten Dame" und übersieht dabei} 15. Nxc6 $1 bxc6 16. Nd5 Qxd2 17.
Nxe7+ Kh8 18. Rxd2 Rce8 {nebst der taktischen Wendung} 19. Bc5 $1 (19. Bf4 $1)
19... Rxe7 (19... Be5 20. Rxd6 $18 Rxe7 21. Rxd7) 20. Bxd6 Rfe8 21. Bxc7 $18 {
mit gewinnverheißendem Vorteil}) 15... Bxc3 16. bxc3 (16. Nxa5 {war Weiß zu
dünn:} Bxd2 17. Bxd2 Nxa5 18. Bxa5 $14 {/=} f6 $5) 16... Qa4 (16... Qe5 {
, um die Dame ggf. auf g7 zu fianchettieren, kam ebenso in Betracht:} 17. f3
Nb5) 17. h5 Ne5 18. f4 $6 ({Dagegen wäre} 18. Bd4 $5 {ein Härtetest gewesen
und am Brett schwer zu meistern, z.B.:} Bb5 $5 (18... Nc4 $2 19. Qf4 $1 {
/\Qh4 ->}) (18... Be6 $2 19. Qf4 $1 $40 {+-} f6 20. hxg6 hxg6 (20... Nxg6 21.
Qh2 Rf7 22. Bh5 (22. gxf6)) 21. gxf6 exf6 22. Qg3 (22. Rdg1) 22... Kg7 23. f4
$18) 19. f4 Bxe2 20. Qxe2 Nc4 21. hxg6 fxg6 22. Ka1 (22. f5 e5 23. fxg6 $3 exd4
24. Qh2 $5 (24. Rxh7 Nb5 25. Rh8+ Kg7 26. Rh7+ Kg8 27. Rh8+ $11) 24... Qd7 (
24... Na3+ $2 25. Kc1 Qd7 26. Nxd4 Ncb5 27. Nf5 $18) 25. Nxd4 $13 {mit
andauernden Komplikationen und Kompensation für den geopferten Läufer:}) 22...
e5 (22... Rxf4 $2 23. Rxh7) 23. fxe5 Ne6 24. exd6 Qa3 25. Rb1 Qxd6 26. Bf6 $14)
18... Ng4 $2 ({So jedoch gerät Schwarz eindeutig ins Hintertreffen, während} 
18... Nc4 19. Bxc4 Qxc4 $13 {völlig okay wäre.}) 19. Bd4 $1 Nb5 ({Einen
schnelleren Absturz erleidet die Verteidigung nach} 19... e5 $143 20. fxe5 {
, z.B.} Nb5 (20... dxe5 21. hxg6 (21. Nc5) 21... fxg6 (21... exd4 22. gxh7+ Kh8
23. Nc5 Qc6 24. Qxd4+ f6 25. Nxd7 Ne6 26. Qb6 $18) 22. Nc5 Qc6 23. Bxg4 Bxg4 (
23... exd4 24. Nxd7 $18) 24. Qh2 $1 Bh5 25. Qxe5 $18) 21. Bxb5 axb5 22. hxg6
fxg6 23. Rxh7 $1 Kxh7 (23... dxe5 24. Bxe5 Nxe5 25. Qd5+ Rf7 26. Rdh1 $18) (
23... Ra8 24. Rdh1 Qxa2+ 25. Kc1 Qa3+ 26. Kd1 $18) 24. Rh1+ Kg8 25. exd6 $40 {
+-} Rf3 (25... Rf2 26. Bxf2 Qxe4 27. Re1 Qf5 28. Re7) 26. Rh8+ Kf7 27. Rh7+ Kg8
(27... Kf8 28. Qd1) (27... Ke8 28. Re7+ Kf8 29. Bg7+) 28. Qd1 Rf2 29. Qh1) 20.
Qe1 ({Den vorwitzigen Rappen mit} 20. Rh4 $2 {einzukesseln, scheitert an} Nxd4
$1 21. cxd4 Nf2 22. Bb5 Nxe4 23. Bxa4 Nxd2+ 24. Rxd2 Bxa4 25. Rdh2 gxh5 $1 26.
Rxh5 Bd7 27. Rxh7 Bf5 $15 {und Schwarz hat das klar bessere Endspiel.}) 20...
Na3+ ({Der Nachziehende kann nur zwischen den Übeln wählen; falls} 20... e5 {
, so folgt} 21. fxe5 dxe5 (21... Nxe5 22. Qh4 $18) 22. Bc5 {und Weiß gewinnt,
z.B.:} Qxe4 (22... Be6 23. hxg6 fxg6 24. Bxb5 axb5 25. Bxf8 Rxf8 26. Qh4 $18) (
22... Rxc5 23. Nxc5 Qa3 24. Bxb5 Bxb5 25. Qh4 $18) 23. hxg6 Bf5 (23... Qxe2 24.
gxh7+ Kh8 25. Qxe2 Nxc3+ 26. Kb2 Nxe2 27. Rxd7 $18) 24. gxh7+ Kh8 25. Bxg4 $1
Qxc2+ (25... Bxg4 26. Bxf8 Bxd1 (26... Rxf8 27. Kb2) 27. Be7 $18) (25... Qxg4
26. Qxe5+ f6 27. gxf6 Qe4 (27... Rf7 28. Rdg1 $18) 28. Bxf8 $18) 26. Ka1 Bxg4 (
26... Nxc3 27. Rd2) 27. Qxe5+ f6 28. gxf6 Rfe8 (28... Rf7 29. Rdg1 Qf5 30. Bd4)
29. Be7 Qxc3+ 30. Qxc3 Nxc3 31. Rdg1 Be6 32. f7 $18) 21. Kb2 Nc4+ 22. Bxc4 Qxc4
23. Qh4 {Diagramm [#] Angesichts der mächtigen Drucksäule auf der h-Linie
hängt Schwarz scheinbar chancenlos in den Seilen, doch einfach ist die Chose
allemal nicht ...} e5 24. fxe5 ({Oder auch} 24. hxg6 h6 {und Weiß gewinnt
durch den kaltblütigen Coup} 25. gxh6 $1 {analog der Anmerkung zu 26.g7}) 24...
dxe5 25. hxg6 h6 {Diagramm [#] Der Kampf an den beiden Fronten hat sich
haarsträubend zugespitzt, und nun ist es an Weiß, die Entscheidung zu suchen!}
26. g7 $2 ({Darauf kann Großmeister Babula mit einem tiefblauen Auge
entschlüpfen, denn Weiß hat nun kaum Besseres, als feindliches Dauerschach
zuzulassen. I Allein richtig war indes} 26. gxh6 $1 {mit durchschlagendem
Effekt, was übrigens erst in der post-mortem-Gruppenanalyse entdeckt wurde:}
exd4 (26... fxg6 27. Qe7 ({oder auch} 27. h7+ Kh8 (27... Kg7 28. Qe7+ Rf7 29.
Bxe5+) 28. Qxg4 exd4 (28... Qxd4 29. Qg3) 29. Qxd7 Qxc3+ 30. Ka3 $18) 27... Qf7
28. h7+ Kh8 29. Bxe5+ Nxe5 30. Qxe5+ Qf6 31. Qxf6+ Rxf6 32. Rxd7 $18) (26...
Qe6 27. h7+ Kg7 (27... Kh8 28. g7+ Kxg7 29. h8=Q+ Rxh8 30. Qg5+ Qg6 31. Bxe5+
Nxe5 32. Qxe5+ $18)) 27. g7 $1 Qxc3+ 28. Ka3 Kh7 (28... f6 29. gxf8=Q+ Rxf8 30.
Rd3 (30. Rxd4 $143 Ne3 $5) 30... Qxc2 (30... Qc8 31. Rxd4 $18) 31. Rxd4 $18) (
28... Rfe8 29. h7+ Kxg7 30. h8=Q+ Rxh8 31. Qg5+ Kf8 32. Rxh8#) 29. gxf8=Q Rxf8
30. Rd3 Qxc2 31. Rxd4 $18) ({II} 26. Bc5 $2 Rxc5 27. Rh3 (27. Nxc5 Qxc5 28. Rd5
(28. Rxd7 $2 Qb5+ {, xd7}) 28... Qb6+ 29. Kc1 (29. Ka1 Ne3 $1) 29... Qe3+ $13 {
/=}) 27... Rc7 (27... Nf2 $4 28. Qxh6) 28. Rxd7 Rxd7 29. Qxg4 Rd6 (29... Qe6 $4
30. gxf7+ Qxf7 31. Rxh6 Re7 32. Qh3 Qg7 33. Qh5) 30. g7 Re8 31. gxh6 Kh7 32.
Qf5+ Rg6 33. Rf3 $11) 26... Rfe8 27. gxh6 Kh7 28. Bc5 Rxc5 29. Rxd7 ({Zu} 29.
Nxc5 Qxc5 30. Rdg1 (30. Rhg1) 30... Rc8 $13 {/= mit etwa gleichen Chancen
hatte Weiß - verständlicherweise - keine Lust mehr.}) 29... Qxc3+ 30. Kb1 Qxc2+
31. Ka1 Qc3+ {. Diesen halben Brettpunkt hatte Werder Bremen beim glücklichen
4,5:3,5-Matchsieg bitter nötig.} 1/2-1/2

[Event "BLR-ch 71st"]
[Site "Minsk"]
[Date "2005.03.10"]
[Round "7"]
[White "Fedorov, Alexei"]
[Black "Kupreichik, Viktor D"]
[Result "1-0"]
[WhiteElo "2603"]
[BlackElo "2437"]
[Annotator "Mueller,Karsten"]
[PlyCount "121"]
[EventDate "2005.03.04"]
[EventType "tourn"]
[EventRounds "13"]
[EventCountry "BLR"]
[EventCategory "9"]
[SourceTitle "CBM 106"]
[Source "ChessBase"]
[SourceDate "2005.06.06"]
[SourceVersion "1"]
[SourceVersionDate "2005.06.06"]
[SourceQuality "1"]

1. e4 c5 2. Nf3 Nc6 3. Nc3 g6 4. d4 cxd4 5. Nxd4 Bg7 6. Be3 Nf6 7. Bc4 O-O 8.
Bb3 d6 9. h3 Bd7 10. O-O Nxd4 11. Bxd4 Bc6 12. Qd3 a5 13. a4 Nd7 14. Bxg7 Kxg7
15. Qd4+ Kg8 16. Rfe1 Qb6 17. Qxb6 Nxb6 18. Rad1 Rfe8 19. f4 Kg7 20. Kf2 Nd7
21. Bd5 f6 22. b3 Rac8 23. Be6 Rc7 24. Rd2 Nc5 25. Bc4 Rec8 26. Ree2 Rf8 27.
Nd5 Bxd5 28. Bxd5 Rd8 29. Ke3 e6 30. Bc4 f5 31. exf5 gxf5 32. g4 Ne4 33. Rd4
Kf6 34. Kf3 d5 35. gxf5 Rg8 36. Rdxe4 dxe4+ 37. Rxe4 exf5 38. Re6+ Kg7 39. Re5
Rgc8 40. Rxa5 Rxc4 41. bxc4 Rxc4 42. Rxf5 Rxa4 43. Rc5 Kg6 44. h4 b6 45. h5+
Kf6 46. Rb5 Rc4 47. Rxb6+ Kf5 48. Rb5+ Kf6 49. Rb2 Kf5 50. Ke3 Kg4 51. Kd3 Rc5
52. c4 Rxh5 53. Ke4 Rc5 54. Rg2+ Kh3 55. Rc2 Kg4 56. Kd4 Rf5 57. c5 Rxf4+ 58.
Ke5 Rf7 $6 (58... Rf8 $142) 59. c6 h5 $4 {Sells the rook too cheaply. Verkauft
den Turm zu billig.} (59... Rf8 {would still have held the draw. hätte immer
noch remis gehalten:} 60. c7 (60. Rg2+ Kh3 61. Rg5 Rh8 62. c7 h5 63. Ke6 h4 64.
Kd7 Kh2 65. Rh5 Rxh5 66. c8=Q h3 $11) 60... Rc8 61. Rc4+ (61. Kd6 h5 62. Kd7
Rxc7+ 63. Kxc7 h4 $11) 61... Kg5 62. Rc1 h5 63. Rg1+ Kh4 64. Kd6 Kh3 65. Kd7
Rh8 66. c8=Q Rxc8 67. Kxc8 h4 $11) 60. c7 Re7+ (60... Rxc7 61. Rxc7 h4 62. Ke4
Kg3 63. Ke3 h3 64. Rg7+ Kh2 65. Kf2 Kh1 66. Rg1+ Kh2 67. Rg3 Kh1 68. Rxh3#) 61.
Kd4 1-0

[Event "Oakham YM"]
[Site "Oakham"]
[Date "1986.??.??"]
[Round "7"]
[White "Thomas, Ian L"]
[Black "Palkovi, Jozsef"]
[Result "1-0"]
[WhiteElo "2325"]
[BlackElo "2320"]
[Annotator "Nunn,J"]
[PlyCount "91"]
[EventDate "1986.04.??"]
[EventType "swiss"]
[EventRounds "9"]
[EventCountry "ENG"]
[SourceTitle "MCL"]
[Source "ChessBase"]
[SourceDate "1999.07.01"]
[SourceVersion "1"]
[SourceVersionDate "1999.07.01"]
[SourceQuality "1"]

1. e4 c5 2. Nf3 d6 3. d4 cxd4 4. Nxd4 Nf6 5. Nc3 g6 6. Be3 Bg7 7. h3 O-O 8. Qd2
Nc6 9. O-O-O d5 (9... Be6 10. f4 Nxd4 11. Bxd4 Qa5 12. a3 Rfc8 13. Bd3 Rab8 14.
Kb1 b5 15. Bxf6 Bxf6 16. Nd5 Qxd2 17. Nxf6+ Kg7 18. Nh5+ Kh6 $14 (18... gxh5
$14)) 10. exd5 Nxd5 11. Nxc6 bxc6 12. Bd4 e5 13. Bc5 Be6 14. Bc4 Nxc3 (14...
Qh4 15. Bxd5 Rfd8 16. g3 $1 Qf6 17. Ne4 Qf3 18. Bxe6 Rxd2 19. Nxd2 Bh6 20. Bb3
Rd8 21. Rhe1 {/\ Be3}) 15. Qxc3 Qg5+ 16. Be3 (16. Kb1 e4) 16... Qxg2 17. Bxe6
fxe6 18. Qc4 Kh8 $6 (18... Qf3 $142 {/\ Qf5}) 19. h4 Rad8 20. Qxe6 (20. Bxa7
Rd5 {/\ Rfd8<=>}) 20... Qe4 21. Qe7 $6 (21. Bxa7 Ra8 22. Bc5 Rfb8 23. Rhe1)
21... Rde8 (21... Rxd1+ $6 22. Kxd1) 22. Qc5 Rd8 23. Qe7 Rde8 24. Qd6 Qc4 25.
Kb1 $6 (25. h5 Qxa2 26. hxg6 Qa1+ 27. Kd2 Rd8 28. Rxh7+ Kg8 29. Rxa1 Rxd6+ 30.
Ke2 Rxg6 31. Rh4 $13) 25... e4 26. h5 Re6 $2 (26... g5 $1 27. h6 (27. Bxg5 Rb8
28. Bc1 Qc3) 27... Be5 $132 28. Bd4 $2 Qxd4 $1 $17) 27. Qd7 Qb4 $2 (27... c5
28. hxg6 Rxg6 29. Rd6 $13) 28. Rd4 $1 Qe7 29. hxg6 Qxd7 30. Rxh7+ Kg8 31. Rxd7
Rxg6 32. Rh1 Rb8 33. b3 a5 34. Bd4 a4 35. Re1 axb3 36. axb3 Bxd4 37. Rxd4 Rf8
38. Rexe4 Rxf2 39. Rg4 Rxg4 40. Rxg4+ Kf7 41. Re4 Rf6 42. Kb2 Re6 43. Rxe6 Kxe6
44. Kc3 Kd5 45. Kb4 Kd6 46. Kc4 1-0

[Event "Rohde op 09th"]
[Site "Sautron"]
[Date "2009.10.31"]
[Round "9"]
[White "Philippe, Christophe"]
[Black "Cabrera Pino, Alexis"]
[Result "1-0"]
[WhiteElo "2430"]
[BlackElo "2529"]
[Annotator "RR"]
[PlyCount "121"]
[EventDate "2009.10.24"]
[EventType "swiss"]
[EventRounds "9"]
[EventCountry "FRA"]
[SourceTitle "EXT 2010"]
[Source "ChessBase"]
[SourceDate "2010.11.25"]
[SourceVersion "1"]
[SourceVersionDate "2010.11.25"]
[SourceQuality "1"]

1. e4 c5 2. Nf3 Nc6 3. d4 cxd4 4. Nxd4 g6 5. Nc3 Bg7 6. Be3 Nf6 7. Bc4 O-O 8.
Bb3 d6 9. h3 (9. f3 {la grande ligne}) 9... Na5 10. O-O a6 11. Qd3 b5 12. Rfe1
Bb7 13. Bg5 Nxb3 14. axb3 h6 $146 ({RR} 14... Re8 15. Ra2 Qb6 16. Nde2 e6 17.
Rd1 b4 18. Qf3 Nd7 19. Na4 Qc6 20. c4 Nc5 21. Ng3 f5 22. exf5 Qxf3 23. gxf3
exf5 24. Rxd6 Re1+ 25. Kg2 Nxb3 26. Nb6 Rae8 27. Nd5 a5 28. h4 Be5 29. Rd7 {
Hector,J (2435)-Velimirovic,D (2540)/Metz 1988/EXT 2004/0-1 (42)}) 15. Bh4 e6
16. b4 $1 {[%csl Ga5][%cal Gd4b3,Gb3a5]} Rc8 17. Nb3 Qb6 (17... Qc7) 18. Rad1 (
18. Na5) 18... Rfd8 19. Qe3 Qc7 20. f3 {[%csl Rb6][%cal Gh4f2]} g5 21. Bf2 {
[%csl Rb6]} Nd7 22. h4 $1 Bf6 23. hxg5 hxg5 24. f4 (24. Na5) 24... Bg7 25. fxg5
Ne5 26. Na5 $14 Ba8 $6 (26... Nc4 $142 {[%cal Gc4e3] Il vallait mieux échanger
le Na5 qui exerce une pression pénible sur l'aile-dame} 27. Nxc4 Qxc4 28. g6 $1
) 27. Qg3 Ng6 28. Bd4 Be5 29. Qf2 Qe7 30. Rf1 Nf4 $132 31. Be3 Ng6 32. Bd4 Nf4
33. Be3 Bxc3 34. bxc3 Ng6 $2 (34... e5 $1 35. Bxf4 exf4 36. c4 Bxe4 (36... bxc4
37. Qxf4) 37. Qxf4 bxc4 {[%csl Ra5,Ge4][%cal Gd6d5] le Bcentralisé va dominer
le Na5 hors-jeu et les noirs ont au moins l'égalité.}) 35. Bb6 Rd7 36. Qe3 Kg7
37. Rf6 {Attaque des cases noires affaiblies après l'échange du Be5} Rh8 38.
Rdf1 $36 Rh4 39. Qg3 (39. c4 $5) (39. Rxf7+ $143 Qxf7 40. Rxf7+ Rxf7 41. Qd4+
e5 42. Qxd6 Bxe4) 39... Rxe4 40. Qh3 {[%csl Gh6]} Kg8 41. Qh5 {[%cal Gf6g6]}
Qe8 42. Bd4 $40 {[%csl Gd4,Rh8][%cal Gh5h8,Gf6g6]} Rxd4 43. cxd4 $18 Be4 44.
Qe2 Qa8 45. Re1 Bd5 46. Qd3 Kg7 47. Qh3 Be4 48. c3 Qd5 49. Rf2 Rc7 50. Re3 Bb1
51. Qh6+ Kg8 52. Rh3 Bf5 53. g4 Bxg4 54. Qh7+ Kf8 55. Qxg6 Bxh3 56. Qh6+ Ke7
57. g6 Bf5 58. g7 Bh7 59. Qxh7 Qg5+ 60. Kh2 Rxc3 61. Rxf7+ 1-0

[Event "Olympiad-34"]
[Site "Istanbul"]
[Date "2000.11.07"]
[Round "10.1"]
[White "Ye, Jiangchuan"]
[Black "Fedorov, Alexei"]
[Result "1-0"]
[WhiteElo "2670"]
[BlackElo "2646"]
[Annotator "Rogozenco,D"]
[PlyCount "75"]
[EventDate "2000.10.28"]
[EventType "team-swiss"]
[EventRounds "14"]
[EventCountry "TUR"]
[SourceTitle "EXT 2001"]
[Source "ChessBase"]
[SourceDate "2000.11.22"]
[SourceVersion "1"]
[SourceVersionDate "2000.11.22"]
[SourceQuality "1"]
[WhiteTeam "China"]
[BlackTeam "Belarus"]
[WhiteTeamCountry "CHN"]
[BlackTeamCountry "BLR"]

1. e4 c5 2. Nf3 Nc6 3. Nc3 g6 4. d4 cxd4 5. Nxd4 Bg7 6. Be3 Nf6 7. Bc4 O-O 8.
Bb3 d6 9. h3 Na5 10. O-O b6 11. Re1 {This is an easy-to-play set-up against
Dragon. Main idea is to play Bg5 and Nd5, and if Black takes on d5, then after
exd5 White puts pressure on e7-pawn.} (11. Qd3 Nxb3 12. axb3 Bb7 13. Rfe1 Re8
14. Nf3 Qc7 $11 {1/2-1/2 Mitkov,N-Lutz,C/Pula CRO 2000 (45)}) 11... Bb7 12. Bg5
Nxb3 13. axb3 h6 (13... a6 14. Nd5 e6 15. Nxf6+ Bxf6 16. Bxf6 Qxf6 17. c4 $5)
14. Bh4 a6 15. Nd5 Nxd5 (15... e6 16. Nxf6+ Bxf6 17. Bxf6 Qxf6 18. Qd2 $14 {
[%csl Rb6,Rd6,Rh6][%cal Rd2b4]}) 16. exd5 Re8 17. c4 Qd7 18. Qd3 $14 {White
achieved the position he was aiming for. Space advantage and the better pawn
structure are more important than Bkack's two Bishops.} Kh7 19. Rad1 $1 (19.
Re2 e6 20. dxe6 fxe6 21. Rae1 e5 22. Nc2 d5 $132) 19... e6 {Of course Black
cannot play too long without this advance.} 20. dxe6 fxe6 21. Nf3 $1 {White
sacs the pawn on b2, but he will get a very good compensation. Almost all
black pawns are weak and we can hardly speak about a real sac, because White
can win the pawn back anytime.} Bxf3 22. Qxf3 Bxb2 23. Bg3 Ba3 $6 {Now the
black King becomes vulnerable too.} (23... d5 $142) 24. Re4 ({The immediate} 
24. Bxd6 {brings nothing:} Bxd6 25. Rxd6 Qxd6 26. Qf7+ Kh8 27. Qf6+ Kh7) 24...
Qe7 25. Bxd6 $1 {Well, now we can speak about a real sacrifice. White sacs a
Rook and plays for attack. It is obvoius that he could not calculate all
possible variations, and there is no direct win, so this is a intuitive
combination.} (25. Rh4 $5) 25... Bxd6 26. Rxd6 Qxd6 27. Qf7+ Kh8 28. Qf6+ Kh7
29. Qf7+ Kh8 30. Rh4 Qf8 (30... Qd1+ 31. Kh2 Qd6+ 32. f4 (32. g3 $2 Qf8) 32...
Qf8 33. Qxg6 Qg7 34. Rxh6+ Kg8 35. Qh5 $18) 31. Qxg6 Qg7 32. Rxh6+ Kg8 33. Qh5
Qa1+ 34. Kh2 Kf8 $2 (34... Re7 $8 35. Qg4+ (35. Qg5+ Rg7 36. Qh5 Re7 $11) (35.
Rg6+ Rg7 36. Rh6 (36. Rxe6 $6 Qa5 $17)) 35... Kf8 36. Qh4 Rg7 37. Rh8+ Rg8 38.
Qf4+ Ke7 39. Qc7+ Kf8 (39... Kf6 40. Rh6+ Rg6 41. Qf4+ Kg7 42. Rxg6+ Kxg6 43.
Qe4+ $18) 40. Rh7 Rg7 41. Rh8+ Rg8 $11) 35. Qh4 $1 {Very strong move which
takes under control square e7.} (35. Qf3+ Kg7 36. Rh5 {The computer shows that
White wins here too, but that is almost impossible to play for a human.}) 35...
Rad8 (35... Kf7 36. Qf4+ Kg8 37. Rg6+ $18) (35... Qe5+ 36. f4 Qd4 37. Rh8+ Kf7
38. Rh7+ Kg8 39. Qh6 $18) 36. Rh8+ Kf7 37. Qf4+ Kg6 38. Qh6+ 1-0